Collectio statutorum gratiarum et indulgentiarum pro misionibus earumque collegiis de propaganda fide fratrum minorum ...

Detalles Bibliográficos
Formato: Libro
Publicado: Roma 1778
Materias:
Colección:Banco de datos
Acervo:Biblioteca del Ex Convento de Nuestra Señora de Guadalupe. Zacatecas
Tema general:Religiosos
Notas:Buena. XXI,4,22 (s/núm.)
LEADER 00684nam a22001810004500
035 |a 44348 
036 |a 5532 
245 1 0 |a Collectio statutorum gratiarum et indulgentiarum pro misionibus earumque collegiis de propaganda fide fratrum minorum ... 
260 |a Roma  |b s.i.  |c 1778 
500 |a Buena. XXI,4,22 (s/núm.) 
650 1 0 |a Religiosos 
949 |a CRZ-CG 
959 |a Ex convento de Nuestra Señora de Guadalupe, Museo Regional de Zacatecas, Zacatecas  |b CCC4 
960 |a Convento de Nuestra Señora de Guadalupe, Zacatecas  |b DD87 
961 |a Franciscana  |b OF 
942 |c CRZ-CG 
943 |g Biblioteca del Ex Convento de Nuestra Señora de Guadalupe. Zacatecas 
999 |c 968475  |d 968475